| 000 | 00546naa a2200181 a 4500 | ||
|---|---|---|---|
| 001 | 85833 | ||
| 003 | BD-RjUL | ||
| 005 | 20251012113142.0 | ||
| 008 | 251012s1959 pk ||||| |||| 00| 0 ur d | ||
| 035 | _a(BD-RjUL) 85833 | ||
| 040 |
_aBD-RjUL _beng _cBD-RjUL |
||
| 041 | _aurd | ||
| 082 |
_223 _a891.43909 _bHAA 1959 |
||
| 100 |
_aحارس، سجاد ;; Haris, Sajjad _917140 |
||
| 245 |
_aعوامی شاعر اوراس کا فن ;; awami shaar oras ka fan / _cسجاد حارس ;; Sajjad Haris |
||
| 650 | _aUrdu Literature | ||
| 942 |
_2ddc _cBK |
||
| 999 |
_c85833 _d85833 |
||